ที่ระลึกในงานพระราชทานเพลิงศพ พลเอก สุจินดา คราประยูร ท.จ.ว., ม.ป.ช., ม.ว.ม., ภ.ป.ร. 3 ณ เมรุวัดพระศรีมหาธาตุวรมหาวิหาร เขตบางเขน กรุงเทพมหานคร วันอาทิตย์ที่ 21 กันยายน พ.ศ. 2568 / (ระเบียนเลขที่ 107636)
| 000 -LEADER | |
|---|---|
| fixed length control field | 01332nam a2200217 4500 |
| 003 - CONTROL NUMBER IDENTIFIER | |
| control field | NALT |
| 005 - DATE AND TIME OF LATEST TRANSACTION | |
| control field | 20260112102516.0 |
| 008 - FIXED-LENGTH DATA ELEMENTS--GENERAL INFORMATION | |
| fixed length control field | 260108b th ||||| |||| 00| 0 tha d |
| 040 ## - CATALOGING SOURCE | |
| Original cataloging agency | NALT |
| 090 ## - LOCALLY ASSIGNED LC-TYPE CALL NUMBER (OCLC); LOCAL CALL NUMBER (RLIN) | |
| Classification number (OCLC) (R) ; Classification number, CALL (RLIN) (NR) | อศ |
| Local cutter number (OCLC) ; Book number/undivided call number, CALL (RLIN) | ส754ท 2568 |
| 245 10 - TITLE STATEMENT | |
| Title | ที่ระลึกในงานพระราชทานเพลิงศพ พลเอก สุจินดา คราประยูร ท.จ.ว., ม.ป.ช., ม.ว.ม., ภ.ป.ร. 3 ณ เมรุวัดพระศรีมหาธาตุวรมหาวิหาร เขตบางเขน กรุงเทพมหานคร วันอาทิตย์ที่ 21 กันยายน พ.ศ. 2568 / |
| Statement of responsibility, etc. | จัดทำโดย ครอบครัว คราประยูร. |
| 250 ## - EDITION STATEMENT | |
| Edition statement | พิมพ์ครั้งแรก. |
| 260 ## - PUBLICATION, DISTRIBUTION, ETC. | |
| Place of publication, distribution, etc. | กรุงเทพฯ : |
| Name of publisher, distributor, etc. | อมรินทร์ คอร์เปอเรชั่นส์, |
| Date of publication, distribution, etc. | 2568. |
| 300 ## - PHYSICAL DESCRIPTION | |
| Extent | 270 หน้า : |
| Other physical details | ภาพประกอบ ; |
| Dimensions | 28 ซม. |
| 600 04 - SUBJECT ADDED ENTRY--PERSONAL NAME | |
| Personal name | สุจินดา คราประยูร |
| General subdivision | ชีวประวัติ |
| 9 (RLIN) | 53143 |
| 942 ## - ADDED ENTRY ELEMENTS (KOHA) | |
| Source of classification or shelving scheme | Local Classification |
| Koha item type | Cremation Book |
| 996 ## - STAFF PROCESSING RECORDS (NALT) | |
| Staff name | jidapa.t |
| Staff type | ACQSTF |
| Acquisition or Cataloging date | 2026-01-08 |
| 996 ## - STAFF PROCESSING RECORDS (NALT) | |
| Staff name | varee.k |
| Staff type | LIBSTF |
| Acquisition or Cataloging date | 2026-01-09 |
| 996 ## - STAFF PROCESSING RECORDS (NALT) | |
| Staff name | jamriang.p |
| Staff type | CATSTF |
| Acquisition or Cataloging date | 2026-01-12 |
| 998 ## - STAFF NAME (NALT) | |
| -- | 1020 |
| -- | นางจำเรียง ระวังสำโรง |
| Withdrawn status | Lost status | Source of classification or shelving scheme | Damaged status | Not for loan | Collection code | Home library | Current library | Shelving location | Date acquired | Total Checkouts | Full call number | Barcode | Date last seen | Price effective from | Koha item type |
|---|---|---|---|---|---|---|---|---|---|---|---|---|---|---|---|
| Local Classification | Cremation collection | National Assembly Library of Thailand | National Assembly Library of Thailand | Cremation corner | 08/01/2026 | อศ ส754ท 2568 | 3961216036 | 08/01/2026 | 08/01/2026 | Cremation Book |
